| 000 | 00494nam a2200193Ia 4500 | ||
|---|---|---|---|
| 003 | GCL | ||
| 008 | 140319s9999 xx 000 0 eng d | ||
| 040 |
_aGCL / _cGCL |
||
| 082 | 0 | 4 |
_a618 _bW O |
| 100 | 1 | _aWILSON, ROBERT | |
| 245 | 1 | 0 |
_aOBSTETRIES AND GYNECOLOGY / _cWILSON, ROBERT |
| 700 | 1 | _aCARRINGTON, ELSIE REID | |
| 700 | 1 | _aLAROS, RUSSELL K. | |
| 260 |
_a[S.N] : _bMOSBY YEAR BOOK ، _c1991 |
||
| 300 | _a658\P | ||
| 650 | 0 | 4 | _aGYNECOLOGY |
| 650 | 0 | 4 | _aOBSTETRICS |
| 942 |
_2ddc _cBK |
||
| 999 |
_c11863 _d11863 |
||